000 01292cam a2200193 4500
001 X121650
008 030318n2003 000 0 eng u
035 _a(Sirsi) u121650
245 _aVoices in harmony
260 _c2003
490 _aEstates Gazette
_v(0310) 8 March 2003, 156-158(3)
520 _aA "Mainly for students" article examines the coordination of Birmingham's Eastside regeneration scheme by regional development agency Advantage West Midlands. The Eastside site comprises 82 acres and is located on the eastern edge of Birmingham city centre's main office and retailing area extending into a key industrial area. Article highlights a number of factors that influence the success of regeneration schemes and outlines the regeneration process. Looks at strategic planning issues, securing appropriate uses, 'pump-priming', strategic acquisition, negotiation or compulsory purchase orders, the risk for speculators, working with landowners, the release of serviced plots for sale, ongoing management and the role of surveyors. Lists the key stages in the process of regenerating urban areas.
650 _aBIRMINGHAM
650 _aURBAN REGENERATION
650 _aREGENERATION SCHEMES
650 _aREGIONAL DEVELOPMENT AGENCIES
690 _aREGENERATION
942 _n0
999 _c72311
_d72311